[Event "Famalicao op 2nd"]
[Site "Famalicao"]
[Date "2014.09.06"]
[Round "7"]
[White "Ferreira, Pedro Miguel Carv"]
[Black "Oliveira, Antonio Jose Silva"]
[Result "1-0"]
[WhiteElo "1552"]
[BlackElo "1350"]
[PlyCount "113"]
[EventDate "2014.09.01"]
[EventType "swiss"]
[EventRounds "7"]
[EventCountry "POR"]
[SourceTitle "EXT 2018"]
[Source "ChessBase"]
[SourceDate "2017.10.13"]
[SourceVersion "1"]
[SourceVersionDate "2017.10.13"]
[SourceQuality "1"]

1. Nf3 Nc6 2. d4 d5 3. g3 Bf5 4. a3 Nf6 5. Bg2 Be4 6. 0-0 Qd6 7. Bf4 Qd7 8. Nbd2 Bxf3 9. Nxf3 h6 10. Rc1 g5 11. Be5 Bg7 12. e3 g4 13. Bxf6 Bxf6 14. Ne1 h5 15. c4 Qf5 16. Qd3 Qg5 17. cxd5 Ne5 18. dxe5 Bxe5 19. f4 Qh6 20. fxe5 h4 21. Qe4 Rd8 22. Qf4 Qh5 23. Qf5 hxg3 24. Qxh5 Rxh5 25. hxg3 Rxe5 26. e4 Rd7 27. Nd3 Rh5 28. Nf4 Rh6 29. Rc3 Rb6 30. b4 Rdd6 31. Rfc1 c6 32. e5 Rh6 33. dxc6 bxc6 34. Rxc6 Rbxc6 35. Rxc6 Rxc6 36. Bxc6+ Kd8 37. Bd5 e6 38. Bb3 Kc7 39. Nxe6+ fxe6 40. Bxe6 Kd8 41. Bxg4 Ke7 42. e6 a6 43. a4 Kd6 44. b5 axb5 45. axb5 Kc7 46. b6+ Kxb6 47. e7 Kc5 48. e8Q Kc4 49. Qd7 Kc5 50. Be2 Kb6 51. Qc8 Ka7 52. Bf3 Kb6 53. Qc6+ Ka5 54. Qb7 Ka4 55. Bd5 Ka5 56. Bc4 Ka4 57. Qb5+ 1-0

[Event "Famalicao op 2nd"]
[Site "Famalicao"]
[Date "2014.09.01"]
[Round "1"]
[White "Smerdon, David"]
[Black "Ferreira, Pedro Miguel Carv"]
[Result "1-0"]
[WhiteElo "2512"]
[BlackElo "1552"]
[PlyCount "33"]
[EventDate "2014.09.01"]
[EventType "swiss"]
[EventRounds "7"]
[EventCountry "POR"]
[SourceTitle "EXT 2018"]
[Source "ChessBase"]
[SourceDate "2017.10.13"]
[SourceVersion "1"]
[SourceVersionDate "2017.10.13"]
[SourceQuality "1"]

1. d4 Nf6 2. Bg5 e6 3. e4 Be7 4. e5 Nd5 5. Bxe7 Nxe7 6. Bd3 0-0 7. Nh3 Ng6 8. Qh5 Qe8 9. Nc3 d5 10. exd6 cxd6 11. Ne4 d5 12. Nd6 Qe7 13. Ng5 h6 14. Ndxf7 Qb4+ 15. c3 Qxb2 16. Nxh6+ gxh6 17. Qxg6+ 1-0

[Event "POR-ch U20"]
[Site "Braga"]
[Date "2013.08.05"]
[Round "5.6"]
[White "Ferreira, Pedro Miguel Carv"]
[Black "Cadeirinhas, David Eduardo Lour"]
[Result "1/2-1/2"]
[WhiteElo "1561"]
[BlackElo "1905"]
[PlyCount "144"]
[EventDate "2013.08.02"]
[EventType "swiss"]
[EventRounds "7"]
[EventCountry "POR"]
[SourceTitle "EXT 2015"]
[Source "ChessBase"]
[SourceDate "2014.11.20"]
[SourceVersion "1"]
[SourceVersionDate "2014.11.20"]
[SourceQuality "1"]

1. Nf3 d5 2. d4 Nf6 3. c4 c6 4. Qc2 e6 5. g3 Nbd7 6. Bg2 Be7 7. 0-0 0-0 8. b3 b6 9. cxd5 cxd5 10. Ba3 Ba6 11. Bxe7 Qxe7 12. Re1 Rac8 13. Qb2 Rc7 14. Na3 Rfc8 15. e3 Ne4 16. Bf1 Bxf1 17. Kxf1 Qb4 18. Rac1 Rxc1 19. Rxc1 Rxc1+ 20. Qxc1 Qc3 21. Qxc3 Nxc3 22. Nc2 Nxa2 23. Ke1 Nc3 24. h3 Kf8 25. Kd2 Ne4+ 26. Ke2 Ke7 27. g4 Nb8 28. Nd2 Nxd2 29. Kxd2 Nc6 30. Kc3 Kd6 31. f4 f6 32. Na3 a6 33. Nc2 g6 34. Kd3 e5 35. fxe5+ fxe5 36. Kc3 exd4+ 37. exd4 Nd8 38. Ne1 Ne6 39. Nf3 Nf4 40. Ng1 Kc6 41. h4 Kb5 42. Nf3 a5 43. Ne5 a4 44. bxa4+ Kxa4 45. Nd7 b5 46. Nc5+ Ka5 47. Nb3+ Kb6 48. Nd2 h5 49. gxh5 gxh5 50. Kb4 Nd3+ 51. Kc3 Nf2 52. Kb4 Ne4 53. Nb3 Nd6 54. Nd2 Nc4 55. Nb3 Ne3 56. Nd2 Nf5 57. Nf3 Ne7 58. Ne5 Nf5 59. Nf3 Ng3 60. Nd2 Ne2 61. Nb3 Nf4 62. Nd2 Ng6 63. Nf3 Ne7 64. Ne5 Nf5 65. Nf3 Nd6 66. Nd2 Nc4 67. Nb3 Ne3 68. Nd2 Nc2+ 69. Kc3 Ne1 70. Kb4 Nd3+ 71. Kc3 Nf4 72. Kb4 Ka6 1/2-1/2

[Event "POR-ch U20"]
[Site "Braga"]
[Date "2013.??.??"]
[Round "7.9"]
[White "Rafael, Manuel Maria Arez"]
[Black "Ferreira, Pedro Miguel Carv"]
[Result "1-0"]
[WhiteElo "1870"]
[BlackElo "1561"]
[PlyCount "89"]
[EventDate "2013.08.02"]
[EventType "swiss"]
[EventRounds "7"]
[EventCountry "POR"]
[SourceTitle "EXT 2015"]
[Source "ChessBase"]
[SourceDate "2014.11.20"]
[SourceVersion "1"]
[SourceVersionDate "2014.11.20"]
[SourceQuality "1"]

1. d4 Nf6 2. c4 b6 3. Nf3 Bb7 4. Bg5 Ne4 5. Bh4 g6 6. e3 Bg7 7. Be2 d6 8. Nbd2 0-0 9. 0-0 c5 10. Rc1 Nxd2 11. Qxd2 Nc6 12. b3 Re8 13. d5 Ne5 14. Nxe5 Bxe5 15. f4 Bg7 16. a4 Bc8 17. Bf3 f5 18. Rce1 Bf6 19. Bf2 Rb8 20. e4 fxe4 21. Bxe4 e6 22. dxe6 Bxe6 23. Bd5 Kf7 24. Re2 Qd7 25. Rfe1 Bxd5 26. Qxd5+ Kf8 27. Rxe8+ Rxe8 28. Rxe8+ Qxe8 29. Qxd6+ Qe7 30. Qxe7+ Bxe7 31. Be3 Bd6 32. Kf2 Kf7 33. Kf3 Kf6 34. h3 h6 35. Ke4 Ke6 36. g4 h5 37. f5+ gxf5+ 38. gxf5+ Kf6 39. Bf4 Be7 40. Bb8 Kg5 41. Bxa7 Bd8 42. Bb8 Kh4 43. Ke5 Kxh3 44. f6 Kg2 45. Ke6 1-0